Signal processing and linear systems (Record no. 1319)

000 -LEADER
fixed length control field 00543nam a2200205 a 4500
001 - CONTROL NUMBER
control field 1319
003 - CONTROL NUMBER IDENTIFIER
control field BD-DhUET
008 - FIXED-LENGTH DATA ELEMENTS--GENERAL INFORMATION
fixed length control field 980109s1998 caua b 001 0 eng
020 ## - INTERNATIONAL STANDARD BOOK NUMBER
International Standard Book Number 0941413357
040 ## - CATALOGING SOURCE
Original cataloging agency DLC
Transcribing agency DLC
Modifying agency BD-DhUET
082 00 - DEWEY DECIMAL CLASSIFICATION NUMBER
Classification number 623.22
Item number LAT/1998
100 ## - MAIN ENTRY--PERSONAL NAME
Personal name Lathi B. P.
245 10 - TITLE STATEMENT
Title Signal processing and linear systems
250 ## - EDITION STATEMENT
Edition statement 1st ed
260 ## - PUBLICATION, DISTRIBUTION, ETC. (IMPRINT)
Place of publication, distribution, etc. New York
Name of publisher, distributor, etc. Oxford University Press
Date of publication, distribution, etc. 1998
300 ## - PHYSICAL DESCRIPTION
Extent x, 850 p.
Other physical details ill.
Dimensions 24 cm.
504 ## - BIBLIOGRAPHY, ETC. NOTE
Bibliography, etc Includes bibliographies
650 #0 - SUBJECT ADDED ENTRY--TOPICAL TERM
Topical term or geographic name as entry element Digital signal processing
942 ## - ADDED ENTRY ELEMENTS (KOHA)
Koha item type General Book
Holdings
Damaged status Lost status Koha issues (times borrowed) Location (home branch) Piece designation (barcode) Koha date last borrowed Koha full call number Shelving location Not for loan Date acquired Price effective from Koha renewals Koha date last seen Withdrawn status Koha item type Source of classification or shelving scheme Koha normalized classification for sorting Copy number Sublocation or collection (holding branch)
   Central Library, BUET103856 623.22/LAT/1998Circulation section 2014-09-032014-09-0322019-09-14 General Book 623_000000000000000_22LAT19981Central Library, BUET
   Central Library, BUET103857 623.22/LAT/1998Circulation section 2014-09-032014-09-03 2014-09-03 General Book 623_000000000000000_22LAT19982Central Library, BUET
  1Central Library, BUET1038592015-06-13623.22/LAT/1998Circulation section 2014-09-032014-09-03 2017-08-19 General Book 623_220000000000000_LAT_19983Central Library, BUET
  1Central Library, BUET1038602015-10-20623.22/LAT/1998Circulation section 2014-09-032014-09-03 2017-01-08 General Book 623_000000000000000_22LAT19984Central Library, BUET
  1Central Library, BUET1038632015-05-25623.22/LAT/1998Circulation section 2014-09-032014-09-03 2017-04-11 General Book 623_000000000000000_22LAT19985Central Library, BUET
  1Central Library, BUET1038642015-05-25623.22/LAT/1998Circulation section 2014-09-032014-09-03 2017-06-13 General Book 623_000000000000000_22LAT19986Central Library, BUET
   Central Library, BUET103865 623.22/LAT/1998Circulation section 2014-09-032014-09-03 2017-08-20 General Book 623_000000000000000_22LAT19987Central Library, BUET
   Central Library, BUET103858 623.22/LAT/1998Circulation section 2014-11-182014-11-18 2017-10-10 General Book 623_000000000000000_22LAT19988Central Library, BUET
  1Central Library, BUET1038612017-04-18623.22 LAT/1998Circulation section 2014-12-022014-12-02 2017-05-31 General Book 623_220000000000000_LAT19989Central Library, BUET
   Central Library, BUET100035 623.22/LAT/1998Circulation section 2015-06-032015-06-0322017-02-06 General Book 623_220000000000000_LAT_199810Central Library, BUET
  2Central Library, BUET1038622025-09-07623.22/LAT/1998Circulation section 2007-05-282017-10-31 2025-09-17 General Book 623_220000000000000_LAT_199811Central Library, BUET